Analytical chemistry / (Record no. 18961)

MARC details
000 -LEADER
fixed length control field 01029cam a2200289 i 4500
001 - CONTROL NUMBER
control field 13501297
003 - CONTROL NUMBER IDENTIFIER
control field EG-ScBUE
005 - DATE AND TIME OF LATEST TRANSACTION
control field 20250728100447.0
008 - FIXED-LENGTH DATA ELEMENTS--GENERAL INFORMATION
fixed length control field 040225r20062004enkadk f b f001 0 eng d
020 ## - INTERNATIONAL STANDARD BOOK NUMBER
International Standard Book Number 0198502893 (pbk.)
020 ## - INTERNATIONAL STANDARD BOOK NUMBER
International Standard Book Number 9780198502890
040 ## - CATALOGING SOURCE
Original cataloging agency UKM
Language of cataloging eng
Description conventions rda
Transcribing agency UKM
Modifying agency OCLCQ
-- C#P
-- DLC
-- EG-ScBUE
082 04 - DEWEY DECIMAL CLASSIFICATION NUMBER
Classification number 543
Edition number 22
Item number HIG
100 1# - MAIN ENTRY--PERSONAL NAME
Personal name Higson, Séamus,
Relator term author.
9 (RLIN) 37376
245 10 - TITLE STATEMENT
Title Analytical chemistry /
Statement of responsibility, etc Séamus Higson, professor of bio-and electroanalysis, Cranfield University.
250 ## - EDITION STATEMENT
Edition statement Reprint edition.
264 ## - PUBLICATION, DISTRIBUTION, ETC. (IMPRINT)
Place of publication, distribution, etc Oxford, United Kingdom ;
-- New York, United States :
Name of publisher, distributor, etc Oxford University Press,
Date of publication, distribution, etc 2006.
300 ## - PHYSICAL DESCRIPTION
Extent ix, 453 pages :
Other physical details charts, forms, tables ;
Dimensions 25 cm
336 ## - CONTENT TYPE
Source rdacontent
Content type term text
Content type code txt
337 ## - MEDIA TYPE
Media type term unmediated
Source rdamedia
Media type code n
338 ## - CARRIER TYPE
Carrier type term volume
Carrier type code nc
Source rdacarrier
504 ## - BIBLIOGRAPHY, ETC. NOTE
Bibliography, etc Includes bibliographical references and index.<br/>
650 #7 - SUBJECT ADDED ENTRY--TOPICAL TERM
Topical term or geographic name as entry element Chemistry, Analytic.
Source of heading or term BUEsh
9 (RLIN) 13137
653 ## - INDEX TERM--UNCONTROLLED
Resource For college Pharmacy
Arrived date list February2015
655 ## - INDEX TERM--GENRE/FORM
Form subdivision Reading book
9 (RLIN) 34232
942 ## - ADDED ENTRY ELEMENTS (KOHA)
Source of classification or shelving scheme Dewey Decimal Classification
Koha item type Book - Borrowing
Holdings
Withdrawn status Lost status Source of classification or shelving scheme Damaged status Not for loan Collection code Home library Current library Shelving location Date acquired Source of acquisition Cost, normal purchase price Serial Enumeration / chronology Total Checkouts Total Renewals Full call number Barcode Date last seen Date checked out Cost, replacement price Price effective from Koha item type
    Dewey Decimal Classification     Baccah Central Library Central Library First floor 11/02/2015   285.00 21291 3 23 543 HIG 000037390 15/07/2025 12/10/2023 356.00 11/02/2015 Book - Borrowing